| 000 | 00526nam a2200181Ia 4500 | ||
|---|---|---|---|
| 005 | 20250508151834.0 | ||
| 008 | 008 250505s9999 xx 000 0 eng d | ||
| 037 | _aTextual | ||
| 040 |
_aFEDL _beng _cFEDL |
||
| 041 |
_aeng _2eng |
||
| 084 |
_a369.43, THU _qFEDL |
||
| 100 |
_aThurman John _9760124 |
||
| 245 | 0 | _aFun with ropes and spars : More pioneering projects | |
| 260 |
_aLondon, UK _bC. Arthur Pearson Limited _c1956 |
||
| 300 | _a127p. | ||
| 942 |
_cTEXL _h369.43, THU |
||
| 999 |
_c1332433 _d1332433 |
||